In the Sea (Record no. 11747)
[ view plain ]
| 000 -LEADER | |
|---|---|
| fixed length control field | 00249nam a22000977a 4500 |
| 008 - FIXED-LENGTH DATA ELEMENTS--GENERAL INFORMATION | |
| fixed length control field | 200113b ||||| |||| 00| 0 eng d |
| 020 ## - INTERNATIONAL STANDARD BOOK NUMBER | |
| International Standard Book Number | 9781564587336 |
| 100 ## - MAIN ENTRY--PERSONAL NAME | |
| Personal name | Snap Shot |
| 9 (RLIN) | 7434 |
| 245 ## - TITLE STATEMENT | |
| Title | In the Sea |
| 260 ## - PUBLICATION, DISTRIBUTION, ETC. (IMPRINT) | |
| Place of publication, distribution, etc. | New York |
| Name of publisher, distributor, etc. | Covent Garden Books |
| Date of publication, distribution, etc. | 1994 |
| Withdrawn status | Lost status | Source of classification or shelving scheme | Damaged status | Koha normalized classification for sorting | Not for loan | Home library | Current library | Shelving location | Date acquired | Total Checkouts | Full call number | Barcode | Date last seen | Price effective from | Koha item type |
|---|---|---|---|---|---|---|---|---|---|---|---|---|---|---|---|
| Dewey Decimal Classification | 551_460000000000000_JUNLIB | Good Samaritan School Library | Good Samaritan School Library | Science | 01/13/2020 | 551.46 JUNLIB | SNA15803 | 01/13/2020 | 01/13/2020 | BOOK |